| 000 | 00918nmm a2200265 a 4500 | ||
|---|---|---|---|
| 001 | ocm0001411692 | ||
| 003 | TR-IsHL | ||
| 005 | 20201028164544.0 | ||
| 008 | 160220s2013 tu tur | ||
| 007 | cr cn | ||
| 020 | _a9786051313542 | ||
| 035 |
_a1411692 _b(N$T) |
||
| 050 | 0 | 4 |
_aHM278 _b.N57 2013 |
| 090 | 0 | 4 |
_aHM278 _b.N57 2013 |
| 100 | 1 | _aNişancı, Şükrü | |
| 245 | 1 | 0 |
_aSivil itaatsizlik: iyi vatandaş olmak mı, iyi insan olmak mı? _h[electronic resource] / _cŞükrü Nişancı |
| 260 |
_aİstanbul : _bEtkileşim Yayınları, _c2013 |
||
| 300 | _a327 p. | ||
| 650 | 4 | _aPolitika ve Uluslararası İlişkiler | |
| 650 | 4 | _aPolitics and International Relations | |
| 650 | 0 | _aSivil itaatsizlik | |
| 650 | 0 | _aCivil disobedience | |
| 650 | 7 |
_aPOLITICAL SCIENCE / Civil Rights _2bisacsh |
|
| 856 | 4 | 0 | _uhttp://search.ebscohost.com/login.aspx?direct=true&scope=site&db=e011xww&AN=1411692 |
| 999 |
_c15644 _d15644 |
||